00634 2200193 4500001002100000005001500021035002000036245019000056100001200246250001000258300002500268006001800293008003900311260004600350082000700396084001300403600001000416990001400426INLIS00000000001004520260604085355 a0010-06260000101 aPENGARUH PENGEMBANGAN KOMPETENSI DAN DISIPLIN KERJA TERHADAP PREDIKAT KINERJA PEGAWAI PADA BADAN KEPEGAWAIAN DAN PENGEMBANGAN SUMBER DAYA MANUSIA KABUPATEN KOTAWARINGIN TIMUR /cAPRILLA0 aAPRILLA aCet 1 axxi, 69 hlm :bilus.a 260604 | | |  aPalangka Raya :bPerpustakaan UMPR,c2025 a81 a81 APR p 4aTESIS a238122025